| 000 | 00460nam a2200193 4500 | ||
|---|---|---|---|
| 003 | SEACOMMC | ||
| 005 | 20231011061642.0 | ||
| 008 | 231011b |||||||| |||| 00| 0 eng d | ||
| 020 | _c310.00 | ||
| 040 | _aSEACOMMC | ||
| 082 |
_a005.1 _bSOF |
||
| 100 | _aHughes, Bob | ||
| 245 | _aSoftware Project Management | ||
| 250 | _a3 rd ed | ||
| 260 |
_aNew Delhi _bTata McGraw Hill _c2005 |
||
| 650 | _aComputer Science | ||
| 700 | _aMike Cotterill | ||
| 942 | _cBOOK | ||
| 999 |
_c127 _d127 |
||